| 000 | 01093nam a22003137a 4500 | ||
|---|---|---|---|
| 003 | CHAP | ||
| 005 | 20220817044338.0 | ||
| 008 | 100504s2005 fr r 00010 eng d | ||
| 010 | _a98337 | ||
| 011 | _a99309 | ||
| 020 | _a9264009965 | ||
| 035 | _a109995 | ||
| 040 | _cCHAP | ||
| 082 | 0 | 4 |
_a338.173 _bOc19 |
| 110 | 2 |
_aOrganización para la Cooperación y el Desarrollo Económicos. París _983559 |
|
| 245 | 1 | 0 |
_aAgriculture, trade and the environment : _bthe arable crop sector _c/by Organisation for Economic Co-operation and Development |
| 260 |
_aParis : _bOECD, _c2005 |
||
| 300 |
_a332 p. : _bgráfs., tablas |
||
| 590 |
_aBATCH-UPD _b10 _c20130110 _lUCH01 _h1833 |
||
| 590 |
_aBATCH-UPD _b10 _c20130410 _lUCH01 _h1205 |
||
| 590 |
_aBATCH-UPD _b10 _c20130914 _lUCH01 _h1940 |
||
| 590 |
_aCONVERSION _b10 _c20130109 _lUCH01 _h1354 |
||
| 650 | 1 | 4 |
_aAgricultura _xAspectos económicos. |
| 650 | 1 | 4 |
_aProductos agrícolas _xMercadeo. _991951 |
| 901 | _aBK | ||
| 911 | _aen proceso | ||
| 942 | _cLIBRO | ||
| 949 |
_a338.173 Oc19 _bBC _cLIBRO _d33724002125306 _eLIBRO _gDonaciØn _h112432 _i109995 _sb |
||
| 999 |
_c98337 _d98337 |
||